000 00872nam a22002417a 4500
003 OSt
005 20251126165617.0
008 251126b |||||||| |||| 00| 0 eng d
020 _a0-471-65743-3.
040 _aDWCL-Main lib.
_cOC
082 _aCirc. 624.175 S591d 2006
100 _aSimiu, Emil
245 _aDesign of buildings and bridges for wind :
_ba practical guide for ASCE-7 standard users and designers of special structures/
_cEmil Simiu
260 _aN. J. :
_bJohn Wiley & Sons, Inc.,
_cc2006.
300 _ax, 308 pages. :
_b illustrations;
_c24 centimeters.
504 _aIncludes bibliographical references and index.
650 _a1. Bridges-Aerodynamics.
650 _a2. Buildings-Aerodynamics.
650 _a3. Wind resistant design.
650 _a4. Wind-pressure.
700 _aMiyata, Toshio
942 _2ddc
_cBK-CIRC
_hCirc.
_n0
999 _c6415
_d6415